This is my God.

Bibliographic Details
Main Author: Wouk, Herman, 1915-
Format: Book
Language:English
Published: Garden City, N.Y. : Doubleday, 1959.
Edition:[1st ed.].
Subjects:

MARC

Tag First Indicator Second Indicator Subfields
LEADER 00000cam a2200000 4500
001 in00000038180
005 20151007080858.0
008 720810s1959 eng u
010 |a  59011617  
035 |a (OCoLC)00377359 
035 |9 AAF5529AM 
040 |c WSU  |d TXA  |d UtOrBLW 
049 |a TXAM  |c [314395] 
050 0 |a BM561  |b .W65 
092 |a 296  |b W938t 
100 1 |a Wouk, Herman,  |d 1915- 
245 1 0 |a This is my God. 
250 |a [1st ed.]. 
264 1 |a Garden City, N.Y. :  |b Doubleday,  |c 1959. 
300 |a 356 pages 
336 |a text  |b txt  |2 rdacontent 
337 |a unmediated  |b n  |2 rdamedia 
338 |a volume  |b nc  |2 rdacarrier 
504 |a Includes bibliography. 
650 0 |a Judaism. 
999 |a MARS 
999 f f |s ea6c30f6-02b6-3014-b2d8-1a3f9c08ec6f  |i f0890de0-dcc6-3285-b06b-46c09c4e8e6e  |t 0 
952 f f |p normal  |a Texas A&M University  |b College Station  |c Sterling C. Evans Library  |d Evans: Library Stacks  |t 0  |e BM561 .W65  |h Library of Congress classification  |i unmediated -- volume  |m A14800630462 
998 f f |a BM561 .W65  |t 0  |l Evans: Library Stacks